La enseñanza y el aprendizaje de la creatividad en el Jardín de Infantes: Pensamiento divergente, integración cultural y escuela creativa

Сохранить в:
Библиографические подробности
Главный автор: Burgos, Noemí E (Автор)
Формат:
Язык:испанский
Опубликовано: Rosario Homo Sapiens 2007
Редактирование:1a. ed
Предметы:
Метки: Добавить метку
Нет меток, Требуется 1-ая метка записи!

MARC

LEADER 00000nam a2200000 a 4500
001 UCH2639
003 CL-VaPUC
008 090618e20070000AG |||||||||||||||||spa|d
020 |a 9789508085139 
082 0 4 |a 372.21  |b BUR  |2 21 
100 0 |a Burgos, Noemí E  |e author  |9 537608 
245 1 3 |a La enseñanza y el aprendizaje de la creatividad en el Jardín de Infantes: Pensamiento divergente, integración cultural y escuela creativa 
250 |a 1a. ed 
300 |a 128 p 
942 |c BK 
945 |d 20090618 00:00:00  |a dcastane 
260 |a Rosario  |b Homo Sapiens  |c 2007 
650 0 |a Creatividad   |9 310816 
650 0 |a Educación preescolar  |9 260381 
650 0 |a Jardines infantiles  |9 307427 
650 0 |a Métodos de enseñanza  |9 270413 
583 |a last modification  |c 20170824 01:43:19  |k Rodrigo Vera 
999 |c 334361  |d 334359 
952 |0 0  |1 0  |4 0  |6 372_210000000000000_BUR_2007  |7 0  |8 A  |9 423339  |a BIBEDU  |b BIBEDU  |c ES_NOD  |d 2019-11-22  |i 4563506  |o 372.21 BUR 2007  |p 4563506  |r 2023-08-09  |w 2019-11-22  |y BK  |k PAR